|
|
|
|
| LEADER |
01131nam a2200301 a 4500 |
| 001 |
5849 |
| 003 |
BD-DhAAL |
| 005 |
20150625093950.0 |
| 008 |
970606s1998 maua 001 0 eng |
| 010 |
|
|
|a 97025686
|
| 020 |
|
|
|a 0256172730
|
| 020 |
|
|
|a 0071152261 (international ed.)
|
| 020 |
|
|
|a 025626614X (Wall St. Journal ed.)
|
| 040 |
|
|
|a DLC
|c DLC
|d DLC
|
| 050 |
0 |
0 |
|a HB172
|b .C558 1998
|
| 082 |
0 |
0 |
|a 338.5
|2 21
|
| 100 |
1 |
|
|a Colander, David C.
|9 10843
|
| 245 |
1 |
0 |
|a Microeconomics /
|c David C. Colander.
|
| 250 |
|
|
|a 3rd ed.
|
| 260 |
|
|
|a Boston, Mass. :
|b Irwin/McGraw-Hill,
|c c1998.
|
| 300 |
|
|
|a 1 v. (various pagings) :
|b ill. (some col.) ;
|c 28 cm.
|
| 500 |
|
|
|a Includes index.
|
| 541 |
|
|
|e 5849
|
| 650 |
|
0 |
|a Microeconomics.
|9 6312
|
| 942 |
|
|
|2 ddc
|c BK
|
| 999 |
|
|
|c 34824
|d 34824
|
| 952 |
|
|
|0 0
|1 0
|2 ddc
|4 0
|6 338_500000000000000_COL
|7 0
|9 54495
|a SCL
|b SCL
|c GEN
|d 2015-06-25
|e Gift: The Asia Foundation
|l 0
|o 338.5 COL
|p 3020005849
|r 2015-06-25
|t 1
|w 2015-06-25
|y BK
|
| 952 |
|
|
|0 0
|1 0
|2 ddc
|4 0
|6 338_500000000000000_COL
|7 0
|9 54508
|a SCL
|b SCL
|c GEN
|d 2015-06-25
|e Gift: The Asia Foundation
|l 0
|o 338.5 COL
|p 3020005848
|r 2015-06-25
|t 2
|w 2015-06-25
|y BK
|